Top 15 Countries by Snapchat Users - Statistics

General Stats
  • This quiz has been taken 58 times
  • The average score is 10 of 15
Answer Stats
Hint Answer % Correct
107.95 million United States
96%
21.35 million United Kingdom
90%
10.40 million Canada
86%
24.7 million France
84%
15.65 million Germany
84%
144.35 million India
82%
8.5 million Brazil
78%
17.25 million Mexico
76%
22.25 million Pakistan
54%
13.80 million Turkey
52%
10.11 million Nigeria
46%
14.10 million Egypt
44%
20.45 million Saudi Arabia
44%
15.35 million Iraq
30%
8.6 million Phillipines
6%
No matching quizzes found
Score Distribution
Percent of People with Each Score
Percentile by Number Answered
Your Score History
You have not taken this quiz